[Event "Capablanca Memorial op-B 48th"]
[Site "Havana"]
[Date "2013.04.27"]
[Round "6"]
[White "Torres Larco, Denisse"]
[Black "Lopez Raygoza, Luis Alberto"]
[Result "0-1"]
[WhiteElo "1662"]
[BlackElo "1994"]
[PlyCount "104"]
[EventDate "2013.04.21"]
[EventType "swiss"]
[EventRounds "9"]
[EventCountry "CUB"]
[SourceTitle "CBM 154 Extra"]
[Source "ChessBase"]
[SourceDate "2013.06.25"]
[SourceVersion "2"]
[SourceVersionDate "2013.06.25"]
[SourceQuality "1"]

1. e4 e5 2. Nf3 Nc6 3. Bb5 a6 4. Ba4 Nf6 5. 0-0 Nxe4 6. Bxc6 dxc6 7. Re1 Nc5 8. Rxe5+ Ne6 9. Ng5 Bd6 10. Nxe6 Bxe6 11. Re4 0-0 12. Nc3 Bf5 13. Re1 Qh4 14. g3 Qh3 15. d3 Bg4 16. f3 Bxg3 17. hxg3 Qxg3+ 18. Kf1 Bxf3 19. Qd2 Rae8 20. Ne4 Qh3+ 21. Kf2 f5 22. Nf6+ gxf6 23. Rg1+ Bg4 24. Rg3 Qh2+ 25. Rg2 Qh4+ 26. Rg3 Kh8 27. Qh6 Re2+ 28. Kf1 Rfe8 29. Bf4 Qxh6 30. Bxh6 Kg8 31. Bf4 R8e7 32. Rc1 c5 33. b3 h5 34. Rg2 R2e6 35. Kg1 h4 36. Kh2 Kf7 37. Rf2 c6 38. a3 Re2 39. Rcf1 Rxf2+ 40. Rxf2 Ke6 41. b4 cxb4 42. axb4 Kd5 43. c3 Be2 44. d4 Ke4 45. Bd6 Re6 46. Bc5 Bg4 47. Rc2 Kd3 48. Rc1 Re2+ 49. Kg1 Kd2 50. Ra1 Kxc3 51. Rf1 h3 52. Rf2 Kd3 0-1